Structural Optimization

Guardado en:
Detalles Bibliográficos
Autores principales: Spillers, R. William (Autor), MacBain, M. Keith (Autor)
Formato: Libro
Lenguaje:inglés
Publicado: Springer Science+Business Media, LLC, 2009
Edición:1. vyd
Materias:
Etiquetas: Agregar Etiqueta
Sin Etiquetas, Sea el primero en etiquetar este registro!

MARC

LEADER 00000nam a22000003a 4500
001 stu196926
005 20190206105115.3
008 091208s2009------------------------eng-d
020 |a 978-0-387-95864-4 
040 |a STU  |b slo 
041 0 |a eng 
080 |a 50.31 
100 1 |a Spillers, R. William  |4 aut 
245 1 |a Structural Optimization 
250 |a 1. vyd 
260 |b Springer Science+Business Media, LLC,  |c 2009 
300 |a 301 s  |c CD 
650 7 |a abstraktné vedy  |2 stusub 
700 1 |a MacBain, M. Keith  |4 aut 
996 |b 284J036157  |c J*111480  |l JJK10  |s P  |a 0  |w stu196926_0001